header

Managing multimedia and unstructured data in the Oracle database (Record no. 59893)

MARC details
000 -LEADER
fixed length control field 01134nam a2200301Ia 4500
100 1# - MAIN ENTRY--AUTHOR NAME
Personal name Kratochvil, Marcelle.
245 10 - TITLE STATEMENT
Title Managing multimedia and unstructured data in the Oracle database
260 ## - PUBLICATION, DISTRIBUTION, ETC. (IMPRINT)
Place of publication Birmingham :
Name of publisher Packt Publishing,
Year of publication 2013.
300 ## - PHYSICAL DESCRIPTION
Number of Pages 477 p.
500 ## - GENERAL NOTE
General note Includes index.
650 #0 - SUBJECT ADDED ENTRY--TOPICAL TERM
Topical Term Oracle (Computer file)
Topical Term Database management.
Topical Term Multimedia systems.
856 40 - ELECTRONIC LOCATION AND ACCESS
Uniform Resource Identifier http://site.ebrary.com/lib/rucke/Doc?id=10678738

No items available.

© 2026 Rongo University
Contact us: librarian | system librarian | Rongo university